الضياء اللامع من الخطب الجوامع / (رقم التسجيلة. 96662)

تفاصيل مارك
000 -الفاتح
عناصر البيانات ثابتة الطول 00809cam a2200205 i 4500
005 - تاريخ ووقت آخر معاملة
حقل ضبط 20251223100336.0
008 - عناصر البيانات ثابتة الطول
عناصر البيانات ثابتة الطول 250721s2005 ua gr 000 0 ara d
082 14 - رقم تصنيف ديوي العشري
رقم التصنيف 218.51
رقم المادة ع ث ي
100 1# - مدخل رئيسي – اسم شخصي
الاسم الشخصي العثيمين، محمد بن صالح
علاقة الشخص بالعمل/ دوره مؤلف.
245 12 - بيان العنوان
العنوان الضياء اللامع من الخطب الجوامع /
بيان المسؤولية تأليف فضيلة الشيخ محمد بن صالح العثيمين ؛ خرج أحاديثه أحمد بن شعبان بن أحمد.
250 ## - بيان الطبعة
بيان الطبعة الطبعة الأولى.
264 31 - بيانات النشر، التوزيع…إلخ
مكان النشر، التوزيع...إلخ القاهرة :
اسم الناشر، الموزع...إلخ مكتبة الصفا،
تاريخ النشر، التوزيع...إلخ 2005.
300 ## - الوصف المادي
عدد الوحدات المكونة للوعاء الجزء الأول.
650 17 - مدخل إضافي بالموضوع - مصطلح موضوعي
مصطلح موضوعي أو اسم جغرافي كعنصر مدخل الإسلام.
650 17 - مدخل إضافي بالموضوع - مصطلح موضوعي
مصطلح موضوعي أو اسم جغرافي كعنصر مدخل الوعظ.
650 17 - مدخل إضافي بالموضوع - مصطلح موضوعي
مصطلح موضوعي أو اسم جغرافي كعنصر مدخل خطبة صلاة الجمعة.
650 17 - مدخل إضافي بالموضوع - مصطلح موضوعي
مصطلح موضوعي أو اسم جغرافي كعنصر مدخل المواعظ.
942 ## - بيانات إضافية (كوها)
نوع التنصيف Dewey Decimal Classification
نوع المادة (كوها) كتب
المقتنيات
حالة السحب حالة الفقدان مصدر التصنيف حالة التلف غير قابل للإعارة المكتبة الرئيسية المكتبة الحالية موقع الرف تاريخ التزويد الرقم المتسلسل Total Checkouts رقم الإستدعاء الباركود تاريخ آخر ظهور تاريخ الفاتورة نوع المادة (كوها)
    Dewey Decimal Classification     المكتبة المركزية المكتبة المركزية الإعارة 28/07/2025 886299   218.51 / ع ث ي 886299 28/07/2025 28/07/2025 كتب
    Dewey Decimal Classification   Not For Loan المكتبة المركزية المكتبة المركزية مقتنيات قسم التزويد 28/07/2025 886300   218.51/عثي 886300 28/07/2025 28/07/2025 كتب
    Dewey Decimal Classification   Not For Loan المكتبة المركزية المكتبة المركزية مقتنيات قسم التزويد 28/07/2025 886301   218.51/عثي 886301 28/07/2025 28/07/2025 كتب
    Dewey Decimal Classification   Not For Loan المكتبة المركزية المكتبة المركزية مقتنيات قسم التزويد 28/07/2025 886302   218.51/عثي 886302 28/07/2025 28/07/2025 كتب
    Dewey Decimal Classification     مكتبة أبو علندا العامة مكتبة أبو علندا العامة الإعارة 28/07/2025 886307   218.51/عثي 886307 28/07/2025 28/07/2025 كتب
    Dewey Decimal Classification     مكتبة الأميرة ايمان العامة مكتبة الأميرة ايمان العامة الإعارة 28/07/2025 886303   218.51/عثي 886303 28/07/2025 28/07/2025 كتب
    Dewey Decimal Classification     مكتبة الحسن العامة مكتبة الحسن العامة الإعارة 28/07/2025 886305   218.51/عثي 886305 28/07/2025 28/07/2025 كتب
    Dewey Decimal Classification     مكتبة حمزة العامة مكتبة حمزة العامة الإعارة 28/07/2025 886306   218.51/عثي 886306 28/07/2025 28/07/2025 كتب
    Dewey Decimal Classification     مكتبة صويلح العامة مكتبة صويلح العامة الإعارة 28/07/2025 886304   218.51/عثي 886304 28/07/2025 28/07/2025 كتب
Implemented & Customized by: BBB with SCIT (Smart Chains for Information Technology)

Powered by Koha